[Event "KP MKSS 23/24, Stonava-Opava"]
[Site ""]
[Date "2024.01.07"]
[Round "5.1"]
[White "Kubica, Kamil"]
[Black "Jasso, Matej"]
[Result "1/2-1/2"]
[WhiteFideId "1146360"]
[BlackFideId "23710748"]
[WhiteElo "2098"]
[BlackElo "1981"]
[PlyCount "0"]
[WhiteTeam "SK Stonava"]
[BlackTeam "Slezan Opava A"]
[EventDate "2023.10.22"]

1. d4 d5 2. c4 e6 3. Nc3 Nf6 4. Nf3 Bb4 5. Qc2 O-O 6. Bg5 h6 7. Bh4 Nbd7 8.
e3 Re8 9. Bd3 dxc4 10. Bxc4 c5 11. Rd1 cxd4 12. Nxd4 Qc7 13. Qb3 Be7 14.
O-O Nc5 15. Qc2 Bd7 16. Ndb5 Bxb5 17. Nxb5 Qc6 18. Qe2 a6 19. Nd4 Qb6 20.
f4 Nfe4 21. Bxe7 Rxe7 22. a3 Nd6 23. Ba2 Nce4 24. Nf3 Rc8 25. Rd4 Nf6 26.
Ne5 Rec7 27. Bb1 Nf5 28. Bxf5 exf5 29. Qd3 Rc1 30. Qxf5 Qxb2 31. Nd3 Rxf1+
32. Kxf1 Qb1+ 33. Kf2 Re8 34. h3 Qc2+ 35. Kf1 Rxe3 36. Kg1 Re2 37. Rd8+ Re8
38. Rd4 Re2 39. Rd8+ Re8 40. Rd4 1/2-1/2

[Event "KP MKSS 23/24, Stonava-Opava"]
[Site ""]
[Date "2024.01.07"]
[Round "5.2"]
[White "Muzik, Martin"]
[Black "Taus, Martin"]
[Result "1-0"]
[WhiteFideId "306355"]
[BlackFideId "308471"]
[WhiteElo "2071"]
[BlackElo "1994"]
[PlyCount "0"]
[WhiteTeam "Slezan Opava A"]
[BlackTeam "SK Stonava"]
[EventDate "2023.10.22"]

1. e4 e6 2. d4 d5 3. e5 c5 4. c3 Nc6 5. Nf3 Qb6 6. a3 Bd7 7. b4 cxd4 8.
cxd4 Nh6 9. Nc3 Nf5 10. Na4 Qc7 11. Bb2 Be7 12. Rc1 a6 13. Bd3 O-O 14. h4
f6 15. g4 fxe5 16. dxe5 Nh6 17. Ng5 g6 18. f3 b5 19. Nc5 Nxe5 20. Ncxe6
Nxd3+ 21. Qxd3 Qg3+ 22. Kd1 Bxe6 23. Qe3 Bxg5 24. Qxe6+ Rf7 25. hxg5 Qxf3+
26. Kc2 Qxg4 27. Qxd5 Qf5+ 28. Qxf5 Nxf5 29. Kb3 h5 30. gxh6 Rh7 31. Rc6
1-0

[Event "KP MKSS 23/24, Stonava-Opava"]
[Site ""]
[Date "2024.01.07"]
[Round "5.3"]
[White "Gajdusek, Josef"]
[Black "Olsar, Robin"]
[Result "1/2-1/2"]
[WhiteFideId "374946"]
[BlackFideId "322628"]
[WhiteElo "1948"]
[BlackElo "2004"]
[PlyCount "0"]
[WhiteTeam "SK Stonava"]
[BlackTeam "Slezan Opava A"]
[EventDate "2023.10.22"]

1. Nf3 e6 2. g3 f5 3. Bg2 Nf6 4. c4 d5 5. O-O c6 6. cxd5 exd5 7. d4 Bd6 8.
Bg5 O-O 9. Nc3 Nbd7 10. a3 h6 11. Bxf6 Nxf6 12. e3 Ne4 13. Ne5 Qe8 14. f4
Kh7 15. Qe2 Be6 16. Rfc1 Rc8 17. b4 a5 18. Rab1 axb4 19. axb4 Qe7 20. Nxe4
dxe4 21. Qd2 Ra8 22. Rc2 Ra4 23. b5 c5 24. d5 Bd7 25. Nxd7 Qxd7 26. Bf1
1/2-1/2

[Event "KP MKSS 23/24, Stonava-Opava"]
[Site ""]
[Date "2024.01.07"]
[Round "5.4"]
[White "Zalesky, Karel"]
[Black "Firla, Stanislav"]
[Result "0-1"]
[WhiteFideId "316717"]
[BlackFideId "341371"]
[WhiteElo "1985"]
[BlackElo "1834"]
[PlyCount "0"]
[WhiteTeam "Slezan Opava A"]
[BlackTeam "SK Stonava"]
[EventDate "2023.10.22"]

1. e4 e5 2. Nf3 Nc6 3. Bc4 Bc5 4. O-O d6 5. c3 Nf6 6. d3 h6 7. a4 a5 8.
Nbd2 O-O 9. Qb3 Bb6 10. h3 Qe7 11. Re1 Bd7 12. Nf1 Nh5 13. Ne3 Be6 14. Nd5
Qd8 15. Nxb6 cxb6 16. Bxe6 fxe6 17. Qxe6+ Kh7 18. Qg4 Nf4 19. Bxf4 Rxf4 20.
Qg3 Qf6 21. Re2 g5 22. Nd2 Rg8 23. Nc4 h5 24. Nxb6 Ne7 25. Nd5 Nxd5 26.
exd5 h4 27. Qe3 g4 28. hxg4 Rfxg4 29. f3 Rg3 30. Rf1 R8g6 31. Qe4 h3 32.
Rff2 Qg5 33. f4 exf4 34. Qe7+ Qxe7 35. Rxe7+ Kh6 36. Kh2 hxg2 37. Kg1 f3
38. Re6 Rh3 39. Rxg6+ Kxg6 0-1

[Event "KP MKSS 23/24, Stonava-Opava"]
[Site ""]
[Date "2024.01.07"]
[Round "5.5"]
[White "Tomczyk, Piotr"]
[Black "Raiman, Tom"]
[Result "1/2-1/2"]
[WhiteFideId "21824380"]
[BlackFideId "376949"]
[WhiteElo "1589"]
[BlackElo "1871"]
[PlyCount "0"]
[WhiteTeam "SK Stonava"]
[BlackTeam "Slezan Opava A"]
[EventDate "2023.10.22"]

1. e4 c5 2. b4 cxb4 3. a3 e5 4. Nf3 Nc6 5. Bc4 Bc5 6. O-O Nf6 7. axb4 Bxb4
8. c3 Be7 9. Qb3 O-O 10. Ng5 d5 11. exd5 Na5 12. Rxa5 Qxa5 13. d6 Bxd6 14.
Nxf7 Rxf7 15. Bxf7+ Kh8 16. Na3 Qd8 17. Nc4 Bc7 18. Re1 Qe7 19. Ne3 Bd6 20.
d4 exd4 21. cxd4 Bb4 22. Ba3 Bxa3 23. Nc2 Qc7 24. Nxa3 Bd7 25. Nc4 Ba4 26.
Qxa4 Qxf7 27. Ne5 Qd5 28. h3 a5 29. Ng4 Qd7 30. Qd1 Nxg4 31. hxg4 h6 32. g5
hxg5 33. Qh5+ Kg8 34. Qxg5 Qxd4 35. Qg6 Qf6 36. Qe4 Qf7 37. Rb1 Re8 38. Qa4
b6 39. Rb3 Re1+ 40. Kh2 Re6 41. Rf3 Rf6 42. Re3 Re6 43. Rf3 1/2-1/2

[Event "KP MKSS 23/24, Stonava-Opava"]
[Site ""]
[Date "2024.01.07"]
[Round "5.6"]
[White "Klapuch, Dominik"]
[Black "Knopp, Rene"]
[Result "1-0"]
[WhiteFideId "23712937"]
[BlackFideId "375004"]
[WhiteElo "1686"]
[BlackElo "1816"]
[PlyCount "0"]
[WhiteTeam "Slezan Opava A"]
[BlackTeam "SK Stonava"]
[EventDate "2023.10.22"]

1. e4 b6 2. d4 Bb7 3. Nc3 e6 4. a3 Nf6 5. Bd3 c5 6. Nf3 cxd4 7. Nxd4 Nc6 8.
Nb3 Be7 9. Bf4 d6 10. Qe2 O-O 11. O-O-O a6 12. h4 Nd7 13. Kb1 Nce5 14. Bg3
b5 15. f4 Nxd3 16. Rxd3 Qc7 17. Rhd1 Rfd8 18. f5 Nc5 19. Nxc5 Qxc5 20. fxe6
fxe6 21. Qg4 Bc8 22. e5 d5 23. Ne4 Qc4 24. Rd4 Qc7 25. Nf6+ Kh8 26. R1d3
Bf8 27. Qh5 gxf6 28. exf6 Bd6 29. Rg4 Ra7 30. Rg7 Qxg7 31. fxg7+ Rxg7 32.
Bxd6 Rxd6 33. Qe5 Rd8 34. g4 Rf8 35. Rc3 h6 36. g5 Kh7 37. gxh6 Rg1+ 38.
Ka2 Bd7 39. Rc7 1-0

[Event "KP MKSS 23/24, Stonava-Opava"]
[Site ""]
[Date "2024.01.07"]
[Round "5.7"]
[White "Nowak, Radek"]
[Black "Rell, Martin"]
[Result "0-1"]
[WhiteFideId "375071"]
[BlackFideId "385425"]
[WhiteElo "1707"]
[BlackElo "1822"]
[PlyCount "0"]
[WhiteTeam "SK Stonava"]
[BlackTeam "Slezan Opava A"]
[EventDate "2023.10.22"]

1. e4 c5 2. Nf3 e6 3. d4 cxd4 4. Nxd4 Nf6 5. Bd3 Nc6 6. Nxc6 bxc6 7. O-O
Be7 8. c4 d5 9. exd5 cxd5 10. cxd5 Nxd5 11. Be4 O-O 12. Qc2 g6 13. Rd1 Bb7
14. Nc3 Rc8 15. Qb3 Nxc3 16. Rxd8 Rfxd8 17. Bxb7 Ne2+ 18. Kf1 Nxc1 19. Qf3
Rc5 20. g4 Rd2 21. Ba6 Rcc2 22. Qe3 Bc5 23. Qxd2 Rxd2 24. Rxc1 Rxf2+ 25.
Ke1 Bb6 26. Be2 Rxh2 27. Kd2 Rh3 28. Rc4 Kf8 29. a4 Ke7 30. b4 Ra3 31. Bd1
f5 32. Kc1 Ra1+ 33. Kd2 Kf6 34. Bb3 e5 35. gxf5 gxf5 36. Rh4 Kg6 37. Kc3
Rc1+ 38. Kb2 Rc7 39. Bd5 Bd4+ 40. Kb3 Rc3+ 41. Ka2 h5 42. Rh2 e4 43. Rg2+
Kf6 44. Rh2 Ke5 45. Bf7 Rf3 46. Rxh5 e3 47. Rh6 Ke4 48. Rd6 Rf2+ 49. Kb3 e2
50. Re6+ Be5 0-1

[Event "KP MKSS 23/24, Stonava-Opava"]
[Site ""]
[Date "2024.01.07"]
[Round "5.8"]
[White "Kovalcik, Adam"]
[Black "Krampol, Vladimir"]
[Result "1/2-1/2"]
[WhiteFideId "23748656"]
[BlackFideId "344311"]
[WhiteElo "1706"]
[BlackElo "1653"]
[PlyCount "0"]
[WhiteTeam "Slezan Opava A"]
[BlackTeam "SK Stonava"]
[EventDate "2023.10.22"]

1. e4 d5 2. exd5 Nf6 3. d4 Qxd5 4. Nc3 Qa5 5. Bd2 Qb6 6. Nf3 Bg4 7. h3 Bh5
8. g4 Bg6 9. Bg2 Nc6 10. g5 Nb4 11. gxf6 Nxc2+ 12. Kf1 O-O-O 13. Rc1 Nxd4
14. Be3 Qa6+ 15. Kg1 Nf5 16. Qa4 Qxa4 17. Nxa4 Nxe3 18. fxe3 gxf6 19. Kf2
e5 20. Nc3 e4 21. Nd4 f5 22. h4 h5 23. Bh3 Kb8 24. Rhd1 Be7 25. Nxf5 Bxf5
26. Bxf5 Bxh4+ 27. Ke2 Rdg8 28. Rg1 Bg3 29. Nxe4 Be5 30. b3 h4 31. Kf3 Rxg1
32. Rxg1 h3 33. Rh1 h2 34. Ng3 Rg8 35. Bg4 Bxg3 36. Kxg3 1/2-1/2

[Event "KP MKSS 23/24, Havirov-Koprivnice"]
[Site ""]
[Date "2024.01.07"]
[Round "5.1"]
[White "Sobek, Jaroslav"]
[Black "Stefanik, Marek"]
[Result "1-0"]
[WhiteFideId "301388"]
[BlackFideId "385190"]
[WhiteElo "2186"]
[BlackElo "2059"]
[PlyCount "0"]
[WhiteTeam "TJ Banik Havirov"]
[BlackTeam "SK ASK Koprivnice"]
[EventDate "2023.10.22"]

1. d4 Nf6 2. c4 e6 3. Bf4 c5 4. d5 d6 5. Nc3 e5 6. Bd2 Be7 7. e4 O-O 8. Bd3 Ne8
9. Nf3 f5 10. exf5 Bxf5 11. Bxf5 Rxf5 12. O-O Nd7 13. a3 Nf8 14. Ne4 Qd7 15. b4
cxb4 16. axb4 b5 17. Ng3 Rf6 18. cxb5 Qxb5 19. Ra5 Qb7 20. Qa4 Bd8 21. Ra6 Bb6
22. Qc6 Qxa6 23. Qxa8 Nc7 24. Qc6 Qd3 25. Bg5 Rg6 26. Qc1 Nxd5 27. Rd1 Qb3 28.
Nf5 Re6 29. Bd2 Rf6 30. Ng3 Nf4 31. Bxf4 Rxf4 32. Rxd6 Qxb4 33. Rd1 Rf7 34. Rf1
Qd6 35. Ne4 Qd5 36. Qb1 Rd7 37. h3 Ng6 38. Neg5 Rd6 39. Ne4 Rd8 40. Neg5 Nf8 41.
Re1 h6 42. Ne4 Kh8 43. Ng3 Nd7 44. Rd1 Bd4 45. Nf5 Nc5 46. N3xd4 exd4 47. Rxd4
Qa8 48. Qb2 Rb8 49. Rd8+ 1-0

[Event "KP MKSS 23/24, Havirov-Koprivnice"]
[Site ""]
[Date "2024.01.07"]
[Round "5.2"]
[White "Vermirovsky, Vlastimil"]
[Black "Lys, Josef"]
[Result "1-0"]
[WhiteFideId "325872"]
[BlackFideId "302244"]
[WhiteElo "2006"]
[BlackElo "2136"]
[PlyCount "0"]
[WhiteTeam "SK ASK Koprivnice"]
[BlackTeam "TJ Banik Havirov"]
[EventDate "2023.10.22"]

1. e4 c5 2. Nf3 Nc6 3. d4 cxd4 4. Nxd4 Nf6 5. Nc3 d6 6. Bg5 e6 7. Qd2 Be7 8.
O-O-O a6 9. f4 Qc7 10. Nf3 b5 11. Bxf6 gxf6 12. Bd3 b4 13. Ne2 Bb7 14. Ned4 Nxd4
15. Nxd4 d5 16. Rhe1 dxe4 17. Bxe4 Rd8 18. Bxb7 Qxb7 19. Qe2 Qb6 20. Qe4 Qc5 21.
Nb3 Qb6 22. Rxd8+ Bxd8 23. f5 e5 24. Kb1 O-O 25. Nd2 Kh8 26. Qf3 Rg8 27. Ne4 Be7
28. g4 a5 29. b3 a4 30. bxa4 Qc6 31. g5 fxg5 32. f6 Bf8 33. Qf5 Rg6 34. Qxe5 Qe6
35. Qxe6 fxe6 36. a5 Rg8 37. a6 Bh6 38. Nc5 Ra8 39.
Rxe6 Kg8 40. f7+ 1-0

[Event "KP MKSS 23/24, Havirov-Koprivnice"]
[Site ""]
[Date "2024.01.07"]
[Round "5.3"]
[White "Bulava, Petr"]
[Black "Omamik, Pavel"]
[Result "1-0"]
[WhiteFideId "316644"]
[BlackFideId "331074"]
[WhiteElo "2045"]
[BlackElo "2061"]
[PlyCount "0"]
[WhiteTeam "TJ Banik Havirov"]
[BlackTeam "SK ASK Koprivnice"]
[EventDate "2023.10.22"]

1. Nf3 d6 2. d4 c6 3. c4 Bg4 4. e4 Nd7 5. Nc3 Ngf6 6. Be3 e5 7. Be2 Be7 8. O-O
Qc7 9. h3 Bxf3 10. Bxf3 h6 11. g3 Nf8 12. b4 Ng6 13. Rc1 O-O 14. d5 a6 15. c5
Rfd8 16. Qb3 Qd7 17. Bg2 Qe8 18. Rfd1 Qf8 19. Na4 Rab8 20. Nb6 Nd7 21. Nc4 dxc5
22. d6 Bf6 23. bxc5 Qe8 24. Na5 Bg5 25. Bf1 Bxe3 26. Qxe3 Ngf8 27. Rb1 Ne6 28.
Nxb7 Rdc8 29. Bxa6 Ra8 30. Bc4 Nd4 31. f4 Ne6 32. fxe5 Ra7 33. Rb2 Rb8 34. Rdb1
Qc8 35. Bxe6 fxe6 36. Qb3 Nxc5 37. Qc4 Raxb7 38. Rxb7 Rxb7 39. Rd1 Nd7 40. Qxe6+
Kh8 41. Qf5 Rb8 42. e6 Nf6 43. e7 Qe8 44. e5 Nd5 45. Qf8+ Qxf8 46. exf8=Q+ Rxf8
47. Rxd5 cxd5 48. e6 Kg8 49. d7 1-0

[Event "KP MKSS 23/24, Havirov-Koprivnice"]
[Site ""]
[Date "2024.01.07"]
[Round "5.4"]
[White "Slavinsky, Rostislav"]
[Black "Tomecek, Jan"]
[Result "0-1"]
[WhiteFideId "306959"]
[BlackFideId "309885"]
[WhiteElo "1927"]
[BlackElo "2051"]
[PlyCount "0"]
[WhiteTeam "SK ASK Koprivnice"]
[BlackTeam "TJ Banik Havirov"]
[EventDate "2023.10.22"]

1. Nf3 d5 2. c4 c6 3. b3 Nf6 4. Bb2 Bf5 5. g3 e6 6. Bg2 Be7 7. O-O O-O 8. d3 h6
9. Nbd2 Nbd7 10. Rc1 a5 11. a3 Qb6 12. Qc2 Rfd8 13. e4 dxe4 14. dxe4 Bh7 15. Qc3
Nc5 16. Ne5 Rxd2 17. Qxd2 Nxb3 18. Qc3 Nxc1 19. Rxc1 Rd8 20. Ng4 h5 21. Ne3 Bc5
22. h3 Bd4 0-1

[Event "KP MKSS 23/24, Havirov-Koprivnice"]
[Site ""]
[Date "2024.01.07"]
[Round "5.5"]
[White "Funiok, Marcel"]
[Black "Socha, Jaromir"]
[Result "1-0"]
[WhiteFideId "316946"]
[BlackFideId "324604"]
[WhiteElo "2091"]
[BlackElo "1864"]
[PlyCount "0"]
[WhiteTeam "TJ Banik Havirov"]
[BlackTeam "SK ASK Koprivnice"]
[EventDate "2023.10.22"]

1. d4 Nf6 2. c4 e6 3. Nf3 d5 4. e3 c6 5. Bd3 Be7 6. O-O O-O 7. b3 Nbd7 8. Bb2 c5
9. Nc3 b6 10. Rc1 Bb7 11. Qe2 dxc4 12. bxc4 Rc8 13. Rfd1 Qc7 14. d5 Ne8 15. e4
e5 16. Bc2 Nd6 17. Ba4 f6 18. Nd2 Rf7 19. Nb5 Nxb5 20. cxb5 Bd6 21. Nc4 Nf8 22.
Bc2 Ng6 23. g3 Rd8 24. a4 a5 25. Rf1 Rff8 26. Rcd1 Nh8 27. Bc1 Nf7 28. Qd3 Bc8
29. f3 Be7 30. f4 Bh3 31. Rf2 Bc8 32. Bb3 Bd6 33. f5 Kh8 34. Qe2 Be7 35. Be3 Nd6
36. Nd2 Bd7 37. g4 Qc8 38. h3 Rde8 39. Bc4 Rd8 40. Rdf1 Rde8 41. Rg2 Qd8 42. Kf2
Rg8 43. Ke1 Ref8 44. Kd1 Be8 45. Kc2 Bd7 46. Rfg1 Be8 47. Kd3 Qc7 48. Nf3 Bf7
49. Qf2 Rc8 50. g5 Bh5 51. Nd2 Be8 52. Qh4 fxg5 53. Bxg5 Bxg5 54. Qxg5 Qd8 55.
f6 Bg6 56. fxg7+ Rxg7 57. Qxe5 Qe7 58. Qxe7 Rxe7 59. Rxg6 hxg6 60. Rxg6 Rd8 61.
Bb3 Kh7 62. Rg4 Rg8 63. Rh4+ Kg7 64. Bd1 Rh8 65. Rg4+ Kf6 66. h4 Rg7 67. e5+ Kf7
68. exd6 Rxg4 69. Bxg4 Rxh4 70. Be6+ 1-0

[Event "KP MKSS 23/24, Havirov-Koprivnice"]
[Site ""]
[Date "2024.01.07"]
[Round "5.6"]
[White "Briza, Jiri"]
[Black "Podlesny, Pavel"]
[Result "1-0"]
[WhiteFideId "324787"]
[BlackFideId "308676"]
[WhiteElo "1829"]
[BlackElo "2066"]
[PlyCount "0"]
[WhiteTeam "SK ASK Koprivnice"]
[BlackTeam "TJ Banik Havirov"]
[EventDate "2023.10.22"]

1. e4 e6 2. d4 d5 3. Nd2 Nf6 4. exd5 Nxd5 5. Ngf3 c5 6. dxc5 Bxc5 7. Ne4 Be7 8.
Bc4 Nc6 9. O-O O-O 10. c3 Nf6 11. Qe2 a6 12. a4 Qc7 13. Nxf6+ Bxf6 14. Bg5 Bxg5
15. Nxg5 Qf4 16. Nf3 e5 17. g3 Qf6 18. Rfe1 Bg4 19. Kg2 Qh6 20. Qe3 Bxf3+ 21.
Qxf3 Qf6 22. Qe4 Rad8 23. Rad1 Rxd1 24. Rxd1 Rd8 25. Rd5 g6 26. b4 Qf5 27. Qxf5
gxf5 28. Rc5 Re8 29. Bxa6 Nxb4 30. cxb4 bxa6 31. b5 axb5 32. axb5 Kg7 33. b6 Rb8
34. Rc6 Rb7 35. Kf3 Rd7 36. Rc3 Rb7 37. Rb3 Kf6 38. g4 fxg4+ 39. Kxg4 Kg6 40.
Rb5 f5+ 41. Kf3 Kf6 42. Ke3 Kg5 43. f4+ exf4+ 44. Kf3 h5 45. Rb3 Kg6 46. h4 Kf6
47. Kxf4 Ke6 48. Rb5 Rb8 49. b7 Kd6 50. Kxf5 Kc6 51. Rb2 Kc7 52. Kg6 Rg8+ 53.
Kxh5 Kb8 54. Rb6 Rh8+ 55. Kg5 Rg8+ 56. Rg6 Rf8 57. h5 Kxb7 58. h6 1-0

[Event "KP MKSS 23/24, Havirov-Koprivnice"]
[Site ""]
[Date "2024.01.07"]
[Round "5.7"]
[White "Keprt, Pavel"]
[Black "Rosinsky, Pavel"]
[Result "0-1"]
[WhiteFideId "306533"]
[BlackFideId "324566"]
[WhiteElo "1906"]
[BlackElo "2018"]
[PlyCount "0"]
[WhiteTeam "TJ Banik Havirov"]
[BlackTeam "SK ASK Koprivnice"]
[EventDate "2023.10.22"]

1. e4 c5 2. f4 d5 3. exd5 Qxd5 4. Nc3 Qd8 5. Nf3 Nf6 6. Bb5+ Bd7 7. Bxd7+ Nbxd7
8. d3 e6 9. O-O Be7 10. Qe1 O-O 11. Ne5 Qc7 12. Bd2 a6 13. a4 Rae8 14. a5 Bd6
15. Nc4 Nd5 16. Nxd6 Qxd6 17. Ne4 Qc7 18. Qf2 f5 19. Ng5 h6 20. Nf3 Nxf4 21. Ra4
e5 22. Nxe5 Nxe5 23. Rxf4 Ng4 24. Qf3 g5 25. Qd5+ Kh7 26. h3 gxf4 27. hxg4 fxg4
28. Qc4 Qd6 29. c3 f3 30. Qxg4 fxg2 31. Rxf8 Rxf8 32. Qe4+ Qg6 33. Qxb7+ Rf7 34.
Qxg2 Qxd3 35. Kh1 Qf1+ 36. Qxf1 Rxf1+ 37. Kg2 Rb1 38. Kf3 Rxb2 39. Ke3 c4 0-1

[Event "KP MKSS 23/24, Havirov-Koprivnice"]
[Site ""]
[Date "2024.01.07"]
[Round "5.8"]
[White "Borovicka, Bohumil"]
[Black "Hurta, Jiri"]
[Result "1/2-1/2"]
[WhiteFideId "316393"]
[BlackFideId "380369"]
[WhiteElo "1839"]
[BlackElo "1807"]
[PlyCount "0"]
[WhiteTeam "SK ASK Koprivnice"]
[BlackTeam "TJ Banik Havirov"]
[EventDate "2023.10.22"]

1. e4 Nf6 2. Nc3 d5 3. exd5 Nxd5 4. Nxd5 Qxd5 5. Nf3 e5 6. d3 Nc6 7. Be2 Bb4+ 8.
Bd2 Bxd2+ 9. Qxd2 O-O 10. O-O Bg4 11. a3 Rad8 12. Rad1 Rfe8 13. Qg5 Qd7 14. h3
Bxf3 15. Bxf3 Nd4 16. Bxb7 Rb8 17. Ba6 Rxb2 18. c3 Ne2+ 19. Kh1 Nxc3 20. Rc1 Ne2
21. Rce1 h6 22. Qe3 Nf4 23. Bc4 Qc6 24. Rg1 a5 25. Kh2 Qd7 26. d4 Qa4 27. Rc1
Ng6 28. Rge1 Qd7 29. Red1 Qf5 30. Bd3 Qxf2 31. Qxf2 Rxf2 32. Bxg6 fxg6 33. dxe5 Ra8 1/2-1/2

[Event "KP MKSS 23/24, Poruba D-Interchess"]
[Site ""]
[Date "2024.01.07"]
[Round "5.1"]
[White "Kudla, Richard"]
[Black "Kula, Dominik"]
[Result "0-1"]
[WhiteFideId "330701"]
[BlackFideId "344338"]
[WhiteElo "2033"]
[BlackElo "2204"]
[PlyCount "0"]
[WhiteTeam "SK Slavoj Poruba D"]
[BlackTeam "Interchess"]
[EventDate "2023.10.22"]

1. e4 c5 2. c3 Nf6 3. e5 Nd5 4. Nf3 Nc6 5. Bc4 Nb6 6. Bb3 d6 7. exd6 Qxd6 8.
O-O c4 9. Bc2 Bg4 10. Re1 e6 11. b3 Ne5 12. Ba3 Qc7 13. Be4 O-O-O 14. Bxf8
Rhxf8 15. h3 Bxf3 16. Bxf3 Nd3 17. Re3 f5 18. Na3 e5 19. Nxc4 Nxc4 20. bxc4 e4
21. Be2 Nc5 22. Qc2 f4 23. Bg4+ Kb8 24. Rxe4 Nxe4 25. Qxe4 Rxd2 26. Rb1 Ka8
27. Bf3 Rb8 28. a4 a6 29. a5 Ra2 30. Rb6 Rxa5 31. Qd4 g5 32. Rd6 h5 33. Kh2 g4
34. hxg4 hxg4 35. Be4 Qe7 36. g3 f3 37. Kg1 Ra1+ 38. Kh2 Qxd6 0-1

[Event "KP MKSS 23/24, Poruba D-Interchess"]
[Site ""]
[Date "2024.01.07"]
[Round "5.3"]
[White "Vicha, Martin"]
[Black "Filip, Tomas"]
[Result "1/2-1/2"]
[WhiteFideId "327360"]
[BlackFideId "358037"]
[WhiteElo "1906"]
[BlackElo "1973"]
[PlyCount "0"]
[WhiteTeam "SK Slavoj Poruba D"]
[BlackTeam "Interchess"]
[EventDate "2023.10.22"]

1. c4 e5 2. Nc3 Nf6 3. e4 Bc5 4. h3 Nc6 5. g3 d6 6. Bg2 a5 7. d3 h6 8. Nge2
Be6 9. O-O Qd7 10. Kh2 g5 11. Be3 Nd4 12. Ng1 Rg8 13. Nce2 1/2-1/2

[Event "KP MKSS 23/24, Poruba D-Interchess"]
[Site ""]
[Date "2024.01.07"]
[Round "5.4"]
[White "Miculkova, Dvorakova Magdalena"]
[Black "Vicha, Marek"]
[Result "1/2-1/2"]
[WhiteFideId "317420"]
[BlackFideId "317691"]
[WhiteElo "1996"]
[BlackElo "1915"]
[PlyCount "0"]
[WhiteTeam "Interchess"]
[BlackTeam "SK Slavoj Poruba D"]
[EventDate "2023.10.22"]

1. e4 c6 2. d4 d5 3. Nd2 dxe4 4. Nxe4 Bf5 5. Ng3 Bg6 6. Nf3 h6 7. c3 e6 8. Ne5
Bh7 9. Bd3 Bxd3 10. Qxd3 Nd7 11. Nc4 b5 12. Nd2 Ngf6 13. Nde4 Qc7 14. O-O Be7
15. Qf3 Nxe4 16. Nxe4 Nf6 17. Bf4 Qd7 18. Be5 Nxe4 19. Qxe4 O-O 20. Qg4 f6 21.
Bf4 f5 22. Qg3 Kf7 23. Be5 Bf6 24. Rfe1 Bxe5 25. Rxe5 Kg8 26. Rae1 Rf6 27. Qf3
Rb8 28. Qe2 Kf7 29. Qh5+ Kf8 30. Qe2 1/2-1/2

[Event "KP MKSS 23/24, Poruba D-Interchess"]
[Site ""]
[Date "2024.01.07"]
[Round "5.5"]
[White "Jarolim, Jan"]
[Black "Demko, Robert"]
[Result "0-1"]
[WhiteFideId "344451"]
[BlackFideId "371769"]
[WhiteElo "1928"]
[BlackElo "1918"]
[PlyCount "0"]
[WhiteTeam "SK Slavoj Poruba D"]
[BlackTeam "Interchess"]
[EventDate "2023.10.22"]

1. e4 c5 2. Nf3 d6 3. d4 cxd4 4. Nxd4 Nf6 5. Nc3 a6 6. Bc4 e6 7. Bb3 Nbd7 8.
O-O Nc5 9. Bg5 Be7 10. Bxf6 Bxf6 11. Kh1 O-O 12. f4 b5 13. f5 Re8 14. fxe6
fxe6 15. Nc6 Qc7 16. e5 dxe5 17. Qg4 Kh8 18. Nb4 Bb7 19. Rae1 e4 20. Re3 a5
21. Rh3 axb4 22. Qg6 Kg8 23. Qxh7+ Kf7 24. Rh6 Nd7 25. Qg6+ Ke7 26. Rxf6 gxf6
27. Nxb5 Qf4 28. Rh7+ Kd8 29. h3 Qf1+ 30. Kh2 Qxb5 0-1

[Event "KP MKSS 23/24, Poruba D-Interchess"]
[Site ""]
[Date "2024.01.07"]
[Round "5.6"]
[White "Gresova, Zuzana"]
[Black "Kudla, Martin"]
[Result "1-0"]
[WhiteFideId "371661"]
[BlackFideId "337105193"]
[WhiteElo "1959"]
[BlackElo "1692"]
[PlyCount "0"]
[WhiteTeam "Interchess"]
[BlackTeam "SK Slavoj Poruba D"]
[EventDate "2023.10.22"]

1. d4 e6 2. c4 Nf6 3. Nc3 d5 4. cxd5 exd5 5. Bg5 Nbd7 6. e3 Be7 7. Bd3 O-O 8.
Qc2 b6 9. Nf3 Bb7 10. O-O c5 11. b3 h6 12. Bh4 Rc8 13. Qb2 Ne4 14. Bxe7 Qxe7
15. dxc5 Ndxc5 16. Be2 Nxb3 17. Nxd5 Bxd5 18. axb3 Rc3 19. Nd4 Rfc8 20. Bf3 a5
21. Rad1 Qb4 22. Qb1 Nf6 23. Bxd5 Nxd5 24. Qf5 R3c5 25. Qf3 Ne7 26. h3 g6 27.
Qf6 Nf5 28. Ne6 R5c6 29. Rd8+ Rxd8 30. Qxd8+ Kh7 31. Nf8+ Kg7 32. Qe8 Ne7 33.
Rd1 Rc8 34. Rd8 Rxd8 35. Qxd8 Ng8 36. Nd7 Qe1+ 37. Kh2 Qxf2 38. Qf8+ Kh7 39.
Nxb6 Qf6 40. Nc4 Ne7 41. Qd8 Qe6 42. Qxa5 Nd5 43. Qd2 g5 44. Qd4 f5 45. Ne5
Qd6 46. Kh1 h5 47. e4 fxe4 48. Qxe4+ Kg7 49. Qf5 Qf6 50. Qxf6+ Kxf6 51. Nc6
Ke6 52. Kg1 Kd6 53. Nd4 Nf6 54. Kf2 Kd5 55. Nf3 g4 56. hxg4 hxg4 57. Nh2 Kc5
58. Kg3 Kb4 59. Nxg4 Ng8 60. Kf4 Kxb3 61. Kf5 Kc4 62. Nf6 Ne7+ 63. Ke6 Ng6 64.
g4 Kd4 65. g5 Nh4 66. Ng8 Ke4 67. Kf6 Kf4 68. Nh6 Ke4 69. Ng4 Kf4 70. Nf2 Kg3
71. Nd1 Kg4 72. Ne3+ Kh5 73. Nf5 Nf3 74. g6 1-0

[Event "KP MKSS 23/24, Poruba D-Interchess"]
[Site ""]
[Date "2024.01.07"]
[Round "5.7"]
[White "Gajda, Rostislav"]
[Black "Berezjuk, Rostislav"]
[Result "0-1"]
[WhiteFideId "394793"]
[BlackFideId "378496"]
[WhiteElo "1635"]
[BlackElo "1932"]
[PlyCount "0"]
[WhiteTeam "SK Slavoj Poruba D"]
[BlackTeam "Interchess"]
[EventDate "2023.10.22"]

1. e4 e5 2. Bc4 Nc6 3. Nc3 Bc5 4. d3 d6 5. Nf3 Bg4 6. h3 Bh5 7. g4 Bg6 8. Bg5
f6 9. Bd2 Qd7 10. Nh4 Bf7 11. Nd5 O-O-O 12. c3 Bxd5 13. Bxd5 Nge7 14. b4 Bb6
15. a4 a5 16. Qb3 Nxd5 17. exd5 Ne7 18. c4 Bd4 19. Rb1 axb4 20. Qxb4 c6 21. a5
cxd5 22. a6 b6 23. cxd5 Kb8 24. Qb3 Ka7 25. Be3 Bxe3 26. fxe3 Rb8 27. O-O h5
28. Nf5 hxg4 29. Nxg7 Nxd5 30. Qxd5 Qxg7 31. Qc6 gxh3+ 32. Kh2 Rhc8 33. Qf3
Rc2+ 34. Rf2 Rxf2+ 35. Qxf2 Qg2+ 36. Qxg2 hxg2 37. Kxg2 Kxa6 38. Kf3 d5 39.
Ke2 b5 40. Kd2 b4 41. Rf1 Rb6 42. Kc2 Kb5 43. Rb1 Rc6+ 44. Kb2 Rc3 45. Rd1 Kc5
46. d4+ Kc4 47. Rf1 Rxe3 0-1

[Event "KP MKSS 23/24, Poruba D-Interchess"]
[Site ""]
[Date "2024.01.07"]
[Round "5.8"]
[White "Zemkova, Klara"]
[Black "Chalupa, Dominik"]
[Result "1-0"]
[WhiteFideId "344117"]
[BlackFideId "23762446"]
[WhiteElo "1893"]
[BlackElo "1259"]
[PlyCount "0"]
[WhiteTeam "Interchess"]
[BlackTeam "SK Slavoj Poruba D"]
[EventDate "2023.10.22"]

1. e4 c6 2. d4 d5 3. exd5 cxd5 4. Bd3 Nc6 5. c3 Nf6 6. h3 e5 7. dxe5 Nxe5 8.
Bc2 Bd6 9. Bg5 Be6 10. Nd2 O-O 11. Ngf3 Ned7 12. O-O Qc7 13. Nb3 Nh5 14. Nbd4
a6 15. Nf5 Bc5 16. N3d4 Nf4 17. Qg4 Ng6 18. Nxe6 fxe6 19. Nd4 Bxd4 20. Bxg6
Bxf2+ 21. Rxf2 Rxf2 22. Qxe6+ Kh8 23. Kxf2 hxg6 24. Kg1 d4 25. cxd4 Nf6 26.
Bxf6 gxf6 27. Qxf6+ Qg7 28. Qh4+ Kg8 29. Rd1 g5 30. Qg4 Rf8 31. Qe6+ Qf7 32.
Re1 1-0

[Event "KP MKSS 23/24, Ostrava-Poruba E"]
[Site ""]
[Date "2024.01.07"]
[Round "5.1"]
[White "Neumann, Filip"]
[Black "Zinglar, David"]
[Result "1-0"]
[WhiteFideId "375640"]
[BlackFideId "315915"]
[WhiteElo "2186"]
[BlackElo "1932"]
[PlyCount "0"]
[WhiteTeam "TJ Ostrava B"]
[BlackTeam "SK Slavoj Poruba E"]
[EventDate "2023.10.22"]

1. d4 f5 2. Qd3 e6 3. g4 d5 4. Nf3 Nc6 5. gxf5 exf5 6. Bf4 Nf6 7. Nc3 a6 8. Rg1
Be6 9. O-O-O Qd7 10. Ng5 O-O-O 11. Nxe6 Qxe6 12. f3 g6 13. Bh3 Bd6 14. Bg5 Be7
15. Kb1 Kb8 16. Na4 Rhe8 17. Nc5 Bxc5 18. dxc5 d4 19. Rge1 Rd5 20. Qc4 Nd7 21.
e4 Rxc5 22. Qxe6 Rxe6 23. exf5 Rxe1 24. Rxe1 gxf5 25. Re8+ Ka7 26. f4 Nb4 27.
Be7 Rb5 28. a4 Rb6 29. Bxf5 1-0